Urban Forum Online (Record no. 120418)

MARC details
000 -LEADER
fixed length control field 00832cam a2200193 4500
001 - CONTROL NUMBER
control field WS125625
008 - FIXED-LENGTH DATA ELEMENTS--GENERAL INFORMATION
fixed length control field 040329n 000 0 eng u
035 ## - SYSTEM CONTROL NUMBER
System control number (Sirsi) u125625
110 ## - MAIN ENTRY--CORPORATE NAME
Corporate name or jurisdiction name as entry element Urban Forum
9 (RLIN) 4606
245 ## - TITLE STATEMENT
Title Urban Forum Online
520 ## - SUMMARY, ETC.
Summary, etc. Web site for this umbrella body for community and voluntary groups with interests in urban and regional policy, particularly regeneration. Includes pages of news, details of publications and discussion forum. Also pages on the voluntary sectors involvement in Local Strategic Partnerships (LSPs).
650 ## - SUBJECT ADDED ENTRY--TOPICAL TERM
Topical term or geographic name entry element ORGANISATION
650 ## - SUBJECT ADDED ENTRY--TOPICAL TERM
Topical term or geographic name entry element VOLUNTARY BODIES
650 ## - SUBJECT ADDED ENTRY--TOPICAL TERM
Topical term or geographic name entry element LOCAL STRATEGIC PARTNERSHIPS
650 ## - SUBJECT ADDED ENTRY--TOPICAL TERM
Topical term or geographic name entry element DISCUSSION FORUM
690 ## - LOCAL SUBJECT ADDED ENTRY--TOPICAL TERM (OCLC, RLIN)
Topical term or geographic name as entry element REGENERATION
856 40 - ELECTRONIC LOCATION AND ACCESS
Uniform Resource Identifier <a href="https://www.urbanforum.org.uk">https://www.urbanforum.org.uk</a>
Public note View the website free of charge at www.urbanforum.org.uk
942 ## - ADDED ENTRY ELEMENTS (KOHA)
Suppress in OPAC 0
Holdings
Withdrawn status Lost status Source of classification or shelving scheme Damaged status Not for loan Home library Current library Shelving location Date acquired Total Checkouts Full call number Barcode Date last seen Copy number Price effective from Koha item type
    Dewey Decimal Classification     Virtual Virtual Online 29/03/2004   WEB SITE 125625-1001 06/08/2019 1 06/08/2019 Online material